000 00455nam a2200181Ia 4500
001 21111
005 20260306172855.0
008 260306t2009||||xx |||||||||||||| ||spa||
041 _aESP
082 _a344
_bR31E
100 _aRéategui Sánchez, James [1977-...]
_eAUT
245 0 _aEstudios de derecho penal:
_bparte especial
260 _c2009
300 _a838 páginas :
_c23 cm.
650 _aGEN
654 _aCDE
942 _cLIB
_dJUS
_fJUS
_2ddc
_n
999 _c21111
_d21111